<?xml version="1.0" encoding="UTF-8"?>
<record
    xmlns:xsi="http://www.w3.org/2001/XMLSchema-instance"
    xsi:schemaLocation="http://www.loc.gov/MARC21/slim http://www.loc.gov/standards/marcxml/schema/MARC21slim.xsd"
    xmlns="http://www.loc.gov/MARC21/slim">

  <leader>01656nam a22003857a 4500</leader>
  <controlfield tag="003">AR- BeUNQ</controlfield>
  <controlfield tag="005">20241128181547.0</controlfield>
  <controlfield tag="008">230728s2022    ag ao  gsf   f001 0 spa  </controlfield>
  <datafield tag="020" ind1=" " ind2=" ">
    <subfield code="a">9789500017008</subfield>
  </datafield>
  <datafield tag="040" ind1=" " ind2=" ">
    <subfield code="a">AR-BeUNQ</subfield>
    <subfield code="b">spa</subfield>
    <subfield code="c">AR-BeUNQ</subfield>
    <subfield code="e">aacr</subfield>
  </datafield>
  <datafield tag="082" ind1=" " ind2=" ">
    <subfield code="2">21</subfield>
    <subfield code="a">323</subfield>
  </datafield>
  <datafield tag="245" ind1="0" ind2="3">
    <subfield code="a">El camino de los juicios : </subfield>
    <subfield code="b">la lucha por Memoria, Verdad y Justicia en la Argentina.</subfield>
  </datafield>
  <datafield tag="250" ind1=" " ind2=" ">
    <subfield code="a">1a ed.</subfield>
  </datafield>
  <datafield tag="260" ind1=" " ind2=" ">
    <subfield code="a">Buenos Aires :</subfield>
    <subfield code="b">Ministerio de Educacion,</subfield>
    <subfield code="c">2022</subfield>
  </datafield>
  <datafield tag="300" ind1=" " ind2=" ">
    <subfield code="a">80 p. ; </subfield>
    <subfield code="b">il. ; </subfield>
    <subfield code="c">20x28cm</subfield>
  </datafield>
  <datafield tag="500" ind1=" " ind2=" ">
    <subfield code="a">Derechos Humanos. Terrorismo de Estado.</subfield>
  </datafield>
  <datafield tag="500" ind1=" " ind2=" ">
    <subfield code="a">Incluye orientaciones para el trabajo en el aula.</subfield>
  </datafield>
  <datafield tag="504" ind1=" " ind2=" ">
    <subfield code="a">Incluye bibliograf&#xED;a.</subfield>
  </datafield>
  <datafield tag="505" ind1="0" ind2=" ">
    <subfield code="a">El camino de los juicios en la Argentina -- El proceso de Justicia desde el presente -- Construir ciudadan&#xED;a en las escuelas -- Orientaciones para el trabajo en el aula.</subfield>
  </datafield>
  <datafield tag="650" ind1=" " ind2="7">
    <subfield code="a">Derechos Humanos </subfield>
    <subfield code="2">spines</subfield>
  </datafield>
  <datafield tag="650" ind1=" " ind2="7">
    <subfield code="a">Ense&#xF1;anza primaria</subfield>
    <subfield code="2">spines</subfield>
  </datafield>
  <datafield tag="650" ind1=" " ind2="7">
    <subfield code="a">Ense&#xF1;anza secundaria</subfield>
    <subfield code="2">spines</subfield>
  </datafield>
  <datafield tag="650" ind1=" " ind2="7">
    <subfield code="a">Terrorismo de estado</subfield>
    <subfield code="2">tha</subfield>
  </datafield>
  <datafield tag="650" ind1=" " ind2="7">
    <subfield code="a">Juicios a militares</subfield>
    <subfield code="2">tha</subfield>
  </datafield>
  <datafield tag="651" ind1=" " ind2="7">
    <subfield code="2">Argentina</subfield>
    <subfield code="a">tell</subfield>
  </datafield>
  <datafield tag="653" ind1=" " ind2=" ">
    <subfield code="a">Memoria</subfield>
  </datafield>
  <datafield tag="653" ind1=" " ind2=" ">
    <subfield code="a">Crimen de lesa humanidad</subfield>
  </datafield>
  <datafield tag="653" ind1=" " ind2=" ">
    <subfield code="a">Cr&#xED;menes contra la humanidad</subfield>
  </datafield>
  <datafield tag="710" ind1="1" ind2=" ">
    <subfield code="a">Argentina.</subfield>
    <subfield code="b">Ministerio de Educaci&#xF3;n</subfield>
  </datafield>
  <datafield tag="856" ind1=" " ind2=" ">
    <subfield code="3">https://www.educ.ar/recursos/158211/memoria-verdad-y-justicia-el-camino-de-los-juicios</subfield>
  </datafield>
  <datafield tag="929" ind1=" " ind2=" ">
    <subfield code="a">DONACION</subfield>
    <subfield code="b">Ministerio de Educaci&#xF3;n de la Naci&#xF3;n</subfield>
    <subfield code="d">0</subfield>
    <subfield code="e">20231001</subfield>
    <subfield code="f">PAT0082017</subfield>
    <subfield code="j">61501</subfield>
  </datafield>
  <datafield tag="929" ind1=" " ind2=" ">
    <subfield code="a">DONACION</subfield>
    <subfield code="b">Ministerio de Educacion de la Nacion</subfield>
    <subfield code="d">0</subfield>
    <subfield code="e">2023</subfield>
    <subfield code="f">PAT00822018</subfield>
    <subfield code="j">61500</subfield>
  </datafield>
  <datafield tag="929" ind1=" " ind2=" ">
    <subfield code="a">DONACION</subfield>
    <subfield code="b">Ministerio de Educaci&#xF3;n de la Naci&#xF3;n</subfield>
    <subfield code="d">0</subfield>
    <subfield code="e">20230629</subfield>
    <subfield code="h">2</subfield>
    <subfield code="j">61384</subfield>
    <subfield code="f">PAT0080195</subfield>
  </datafield>
  <datafield tag="942" ind1=" " ind2=" ">
    <subfield code="c">LIB</subfield>
  </datafield>
  <datafield tag="999" ind1=" " ind2=" ">
    <subfield code="c">953</subfield>
    <subfield code="d">953</subfield>
  </datafield>
  <datafield tag="952" ind1=" " ind2=" ">
    <subfield code="0">0</subfield>
    <subfield code="1">0</subfield>
    <subfield code="a">BIBESET</subfield>
    <subfield code="b">BIBESET</subfield>
    <subfield code="c">circulacion</subfield>
    <subfield code="d">2023-10-04</subfield>
    <subfield code="o">323 / CAM</subfield>
    <subfield code="p">61499</subfield>
    <subfield code="r">2023-10-04</subfield>
    <subfield code="y">LIB</subfield>
  </datafield>
  <datafield tag="952" ind1=" " ind2=" ">
    <subfield code="0">0</subfield>
    <subfield code="1">0</subfield>
    <subfield code="a">BIBESET</subfield>
    <subfield code="b">BIBESET</subfield>
    <subfield code="c">circulacion</subfield>
    <subfield code="d">2023-10-04</subfield>
    <subfield code="o">323 / CAM</subfield>
    <subfield code="p">61500</subfield>
    <subfield code="r">2023-10-04</subfield>
    <subfield code="y">LIB</subfield>
  </datafield>
  <datafield tag="952" ind1=" " ind2=" ">
    <subfield code="0">0</subfield>
    <subfield code="1">0</subfield>
    <subfield code="a">BIBESET</subfield>
    <subfield code="b">BIBESET</subfield>
    <subfield code="c">circulacion</subfield>
    <subfield code="d">2023-10-04</subfield>
    <subfield code="o">323 / CAM</subfield>
    <subfield code="p">61501</subfield>
    <subfield code="r">2023-10-04</subfield>
    <subfield code="y">LIB</subfield>
  </datafield>
  <datafield tag="952" ind1=" " ind2=" ">
    <subfield code="0">0</subfield>
    <subfield code="1">0</subfield>
    <subfield code="a">BIBESET</subfield>
    <subfield code="b">BIBESET</subfield>
    <subfield code="c">circulacion</subfield>
    <subfield code="d">2023-06-29</subfield>
    <subfield code="o">323 CAM</subfield>
    <subfield code="p">61384</subfield>
    <subfield code="r">2023-10-04</subfield>
    <subfield code="y">LIB</subfield>
    <subfield code="k">GS</subfield>
  </datafield>
  <datafield tag="952" ind1=" " ind2=" ">
    <subfield code="0">0</subfield>
    <subfield code="1">0</subfield>
    <subfield code="a">BIBESET</subfield>
    <subfield code="b">BIBESET</subfield>
    <subfield code="c">circulacion</subfield>
    <subfield code="d">2024-06-13</subfield>
    <subfield code="o">323/MIN</subfield>
    <subfield code="p">62258</subfield>
    <subfield code="r">2024-06-18</subfield>
    <subfield code="y">LIB</subfield>
  </datafield>
  <datafield tag="952" ind1=" " ind2=" ">
    <subfield code="0">0</subfield>
    <subfield code="1">0</subfield>
    <subfield code="a">BIBESET</subfield>
    <subfield code="b">BIBESET</subfield>
    <subfield code="c">circulacion</subfield>
    <subfield code="d">2024-06-13</subfield>
    <subfield code="o">323/MIN</subfield>
    <subfield code="p">62261</subfield>
    <subfield code="r">2024-06-18</subfield>
    <subfield code="y">LIB</subfield>
  </datafield>
</record>
